Szczegóły MARC21

Ortopedia i rehabilitacja. T. 1 /

003 -Nazwa inst., której nr kontr. jest w polu 001 [,]
    • @
    • Nazwa instytucji, której n kontrolny jest w polu 001
    • NUKAT
005 -DATA I CZAS OSTATNIEJ MODYFIKACJI [,]
    • @
    • pole kontrolne
    • 20241231085301.0
020 -Międzynarod. znormalizowany nr książki - ISBN [ , ]
    • a
    • Numer ISBN
    • 8320005396 Find
040 -Instytucja sporządzająca opis [ , ]
    • a
    • Instytucja, która sporządziła opis (NP)
    • LUBL U/DP
    • c
    • Instytucja, która sporządziła rekord (NP)
    • LUBL U/DP
    • d
    • Instytucja, która zmodyfikowała rekord (P)
    • LUBL U/bg
    • d
    • Instytucja, która zmodyfikowała rekord (P)
    • LUBL U/MZs
    • d
    • Instytucja, która zmodyfikowała rekord (P)
    • GD 27/MDUs
942 -Rodzaj dokumentu [ , ]
    • c
    • Rodzaj dokumentu
    • Książka
245 -Strefa tytułu i oznaczenia odpowiedzialności [0,0]
    • a
    • Tytuł
    • Ortopedia i rehabilitacja. Find
    • n
    • Oznaczenie części (P)
    • T. 1 /
    • c
    • Pozostałe elementy strefy tytułu i oznaczenia odpowiedzialności (NP)
    • pod red. Wiktora Degi ; [aut. Karol Bernardczyk et al.].
250 -Strefa wydania [ , ]
    • a
    • Oznaczenie wydania (NP)
    • Wyd. 3 uzup.
260 -Strefa adresu wydawniczego [ , ]
    • a
    • Miejsce wydania (P)
    • Warszawa :
    • b
    • Nazwa wydawcy (P)
    • Państ. Zakład Wydawnictw Lekarskich,
    • c
    • Data wydania (P)
    • 1983.
300 -Strefa opisu fizycznego [ , ]
    • a
    • Określenie formy książki i/lub objętość (NP)
    • XVI, 544 s. :
    • b
    • Oznaczenie ilustracji (NP)
    • fot., rys. ;
    • c
    • Format (NP)
    • 24 cm.
336 -Typ zawartości [ , ]
    • a
    • Termin opisujący typ zawartości
    • Tekst
    • b
    • Kod określający zawartość
    • txt
    • 2
    • Źródło (terminu i kodu)
    • rdacontent
337 -Typ mediów [ , ]
    • a
    • Tryb odtwarzania
    • Bez urządzenia pośredniczącego
    • b
    • Kod typu mediów
    • n
    • 2
    • Źródło (terminu i kodu)
    • rdamedia
338 -Typ/rodzaj nośnika [ , ]
    • a
    • Hasło opisujące typ nośnika
    • Wolumin
    • b
    • Kod typu nośnika
    • nc
    • 2
    • Źródło (terminu i kodu)
    • rdacarrier
504 -Uwaga dot. bibliogr. załącznikowej [ , ]
    • a
    • Uwaga dot. bibliografii załącznikowej
    • Bibliogr. przy rozdz.
080 -Uniwersalna Klasyfikacja Dziesiętna [ , ]
    • a
    • Symbol klasyfikacji
    • 616.7
    • 9
    • UKD
    • 4758
    • 2
    • Identyfikator wydania tablic
    • UDC-P058
    • b
    • Dopowiedzenie
    • Choroby narządów ruchu.
080 -Uniwersalna Klasyfikacja Dziesiętna [ , ]
    • a
    • Symbol klasyfikacji
    • :617.3
080 -Uniwersalna Klasyfikacja Dziesiętna [ , ]
    • a
    • Symbol klasyfikacji
    • :615.8
080 -Uniwersalna Klasyfikacja Dziesiętna [ , ]
    • a
    • Symbol klasyfikacji
    • :371.671.1(0:378)
650 -Hasło przedmiotowe [ ,7]
    • a
    • Hasło przedmiotowe
    • Ortopedia
    • v
    • Określnik formalny
    • podręczniki akademickie.
    • 2
    • Źródło terminu
    • kaba
    • 9
    • KHW
    • 455664
650 -Hasło przedmiotowe [ ,7]
    • a
    • Hasło przedmiotowe
    • Rehabilitacja
    • v
    • Określnik formalny
    • podręczniki akademickie.
    • 2
    • Źródło terminu
    • kaba
    • 9
    • KHW
    • 364444
980 -Symbol UKD [ , ]
    • a
    • UKD
    • 616.7:617.3:615.8:371.671.1(0:378)
700 -Hasło dodatkowe - nazwa osobowa [1, ]
    • a
    • Nazwa osobowa (NP)
    • Dega, Wiktor Find
    • d
    • Daty biograficzne (NP)
    • (1896-1995).
    • e
    • Określenie rodzaju współpracy
    • Red.
    • 9
    • KHW
    • 17827
700 -Hasło dodatkowe - nazwa osobowa [1, ]
    • a
    • Nazwa osobowa (NP)
    • Bernardczyk, Karol Find
    • d
    • Daty biograficzne (NP)
    • (1926- ).
    • 9
    • KHW
    • 463033
710 -Hasło dodatkowe - nazwa ciała zbiorowego [2, ]
    • a
    • Nazwa ciała zbiorowego lub nazwa geograficzna jako pierwszy element (NP)
    • Państwowy Zakład Wydawnictw Lekarskich.
    • 4
    • Kod relacji
    • pbl
    • 9
    • KHW
    • 54960
856 -Dostęp do wersji elektronicznej [4,8]
    • 3
    • Wyszczególnienie materiału
    • Okładka
856 -Dostęp do wersji elektronicznej [4,1]
    • 3
    • Wyszczególnienie materiału
    • Spis treści
920 -ISBN [ , ]
    • a
    • ISBN
    • 83-200-0539-6 Find
Data inwentaryzacji Status udost. Sygnatura Lokalizacja Numer inwentarzowy
2004-10-192W.115389BGW.115625
2004-10-192W.115389BGW.115620
2004-10-19-5W.115389BGW.115389
2004-10-19-5W.115389BGW.115613
2004-10-19-5W.115389BGW.115614
2004-10-19-5W.115389BGW.115615
2004-10-19-5W.115389BGW.115616
2004-10-19-5W.115389BGW.115617
2004-10-192W.115389BGW.115618
2004-10-192W.115389BGW.115622
2004-10-192W.115389BGW.115623
2004-10-192W.115389BGW.115619
2004-10-192W.115389BGW.115621
2004-10-192W.115389BGW.115624
2004-10-192W.115389BGW.115626
2004-10-192Z.54976BGZ.54976
2004-10-192 BGN.8079
 -3 BMWF.1721
 -3 BMWF.1728
 1Medycyna sportowa 01BMWF.1729